[Event "ISR-chT (Women)"]
[Site "Tel Aviv"]
[Date "2021.10.29"]
[Round "3.4"]
[White "Lian, Marina"]
[Black "Shvartsburd, Rebekka"]
[Result "1-0"]
[WhiteElo "1877"]
[BlackElo "1268"]
[PlyCount "93"]
[EventDate "2021.10.28"]
[EventType "team-swiss"]
[EventRounds "5"]
[EventCountry "ISR"]
[SourceTitle "CBM 204 Extra"]
[Source "ChessBase"]
[SourceDate "2021.11.30"]
[SourceVersion "1"]
[SourceVersionDate "2021.11.30"]
[SourceQuality "1"]
[WhiteTeam "Herzliya (W)"]
[BlackTeam "Ashdod (W)"]
[WhiteTeamCountry "ISR"]
[BlackTeamCountry "ISR"]

1. e4 e6 2. d4 d5 3. Nd2 Nf6 4. e5 Nfd7 5. Bd3 c5 6. c3 Nc6 7. Ne2 Be7 8. 0-0 0-0 9. f4 Qb6 10. Nf3 f6 11. Kh1 Qc7 12. Qe1 fxe5 13. fxe5 cxd4 14. Qg3 Rf7 15. cxd4 Nf8 16. Bg5 Nb4 17. Rac1 Qd8 18. Bb1 Bd7 19. Bxe7 Rxe7 20. Nf4 Qe8 21. Ng5 h6 22. Nf3 Bb5 23. Rf2 Rc8 24. Rd1 Rec7 25. Qg4 Qc6 26. Nh4 Qc1 27. Rfd2 Qc6 28. Nhg6 Qd7 29. Nxf8 Rxf8 30. Qg6 Rxf4 31. Qh7+ Kf8 32. Bg6 Rc8 33. Qh8+ Ke7 34. Qxg7+ Kd8 35. Qxh6 Rf1+ 36. Rxf1 Bxf1 37. Qf8+ Kc7 38. Qxf1 Kb8 39. Rf2 Nxa2 40. Rf8 Qc7 41. h3 Qg7 42. Rxc8+ Kxc8 43. Bf7 Qh6 44. Bg8 Nb4 45. Qf7 Qc1+ 46. Kh2 Kb8 47. Qf8+ 1-0

[Event "EU-ch U10 Girls 27th"]
[Site "Mamaia"]
[Date "2017.09.09"]
[Round "5"]
[White "Avelino, Mafalda Biscaya"]
[Black "Shvartsburd, Rebekka"]
[Result "1/2-1/2"]
[WhiteElo "1030"]
[BlackElo "1171"]
[PlyCount "59"]
[EventDate "2017.09.05"]
[EventType "swiss"]
[EventRounds "9"]
[EventCountry "ROU"]
[SourceTitle "CBM 180 Extra"]
[Source "ChessBase"]
[SourceDate "2017.10.06"]
[SourceVersion "1"]
[SourceVersionDate "2017.10.06"]
[SourceQuality "1"]

1. e4 e6 2. d4 d5 3. exd5 exd5 4. Nf3 c5 5. c3 Nc6 6. Be3 Qb6 7. b3 Nf6 8. Bd3 Be7 9. 0-0 0-0 10. h3 Be6 11. Nbd2 h6 12. c4 Rad8 13. Ne5 cxd4 14. Bf4 Nxe5 15. Bxe5 Bd6 16. Bxf6 gxf6 17. Qh5 Kg7 18. Nf3 Be7 19. Nh4 dxc4 20. bxc4 Qc5 21. Qf3 b6 22. Qg3+ Qg5 23. Qxg5+ hxg5 24. Nf3 f5 25. Ne5 Bf6 26. Nc6 Rd7 27. Nb4 a5 28. Nc2 Rc8 29. Na3 Rdc7 30. Rab1 1/2-1/2